000 00389pab a2200169 454500
008 180718b1998 xxu||||| |||| 00| 0 eng d
100 _aKabra, Kamal Nayan
245 _aExim policy: issue at stake
260 _c1998
300 _ap.7-9
362 _a16 May
650 _aImports - India
650 _aExports - India
650 _aExports
773 _aMainstream
909 _a37466
999 _c37466
_d37466